| Tag |
First Indicator |
Second Indicator |
Subfields |
| LEADER |
00000cam a22000001 4500 |
| 001 |
in00000029730 |
| 005 |
20230801171939.0 |
| 008 |
820221s1956 gw a 000 0 ger |
| 016 |
7 |
|
|a 1114051R
|2 DNLM
|
| 019 |
|
|
|a 6479424
|
| 029 |
0 |
|
|a NLM
|b 1114051R
|
| 029 |
1 |
|
|a DEBBG
|b BV002276304
|
| 029 |
1 |
|
|a GEBAY
|b 10828902
|
| 029 |
1 |
|
|a HEBIS
|b 106510800
|
| 029 |
1 |
|
|a NLGGC
|b 194823881
|
| 035 |
|
|
|a (OCoLC)ocm14681433
|
| 035 |
|
|
|a (OCoLC)14681433
|z (OCoLC)6479424
|
| 035 |
|
|
|a (OCoLC)ocm14681433
|
| 040 |
|
|
|a NLM
|b eng
|c NLM
|d HEBIS
|d TXA
|d OCLCF
|d DEBBG
|d OCLCO
|d OCLCQ
|d OCLCO
|
| 060 |
0 |
0 |
|a W1
|b SC334 no.11 1956
|
| 082 |
0 |
4 |
|a 631.83
|b 012s
|
| 084 |
|
|
|a AR 23420
|2 rvk
|
| 084 |
|
|
|a RB 10915
|2 rvk
|
| 100 |
1 |
|
|a Oberste-Brink, K.
|
| 245 |
1 |
0 |
|a Steinkohlenflugasche; Einfluss auf Boden, Pflanzen und Milchkühe /
|c von K. Oberste-Brink [and others].
|
| 260 |
|
|
|a Stuttgart,
|b Fischer,
|c 1956.
|
| 300 |
|
|
|a 224 pages
|b illustrations.
|
| 336 |
|
|
|a text
|b txt
|2 rdacontent
|
| 337 |
|
|
|a unmediated
|b n
|2 rdamedia
|
| 338 |
|
|
|a volume
|b nc
|2 rdacarrier
|
| 490 |
1 |
|
|a Schriftenreihe des Vereins für Wasser-, Boden- und Lufthygiene,
|v Nr. 11
|
| 650 |
|
0 |
|a Ashes as fertilizer.
|
| 650 |
|
0 |
|a Fly ash
|x Physiological effect.
|
| 650 |
|
0 |
|a Dairy cattle
|x Feeding and feeds.
|
| 650 |
|
2 |
|a Fertilizers
|
| 650 |
|
6 |
|a Cendres (Engrais)
|
| 650 |
|
6 |
|a Bovins laitiers
|x Alimentation.
|
| 650 |
|
6 |
|a Engrais et amendements.
|
| 650 |
|
7 |
|a fertilizer.
|2 aat
|
| 650 |
|
7 |
|a Ashes as fertilizer.
|2 fast
|0 (OCoLC)fst00818540
|
| 650 |
|
7 |
|a Dairy cattle
|x Feeding and feeds.
|2 fast
|0 (OCoLC)fst00886832
|
| 650 |
|
7 |
|a Fly ash
|x Physiological effect.
|2 fast
|0 (OCoLC)fst00928406
|
| 650 |
|
7 |
|a Boden
|2 gnd
|
| 650 |
|
7 |
|a Milchkuh
|2 gnd
|
| 650 |
|
7 |
|a Pflanzen
|2 gnd
|
| 650 |
|
7 |
|a Steinkohlenflugasche
|2 gnd
|
| 830 |
|
0 |
|a Schriftenreihe des Vereins für Wasser-, Boden- und Lufthygiene ;
|v Nr. 11.
|
| 948 |
|
|
|h HELD BY TXA - 13 OTHER HOLDINGS
|
| 994 |
|
|
|a Z0
|b TXA
|
| 999 |
f |
f |
|s c9bc9d24-247a-302a-8245-edb0a75ec406
|i 1920d4c7-6667-31a5-939e-f035835e923b
|t 0
|
| 952 |
f |
f |
|p ric
|a Texas A&M University
|b Rellis Campus
|c Joint Library Facility
|d Remote Storage
|t 0
|e S663 .O34 1956
|h Library of Congress classification
|i unmediated -- volume
|m A14801069339
|
| 998 |
f |
f |
|a S663 .O34 1956
|t 0
|l Remote Storage
|